000 00683nam a2200289Ia 4500
005 20260324135131.0
008 008 260324s9999 xx 000 0 eng d
020 _a9781351289481
037 _aEBOOK
040 _aCRL
040 _beng
040 _cCRL
041 _2eng
041 _aeng
084 _qCRL
100 _aMorton Weinfeld
_91199465
245 0 _aStill Moving
245 0 _bRecent Jewish Migration in Comparative Perspective
260 _bTaylor and Francis
260 _c2000
365 _a
365 _b145
856 _uhttp://www.taylorfrancis.com/books/9781351289481
942 _cEBOOK
999 _c1800225
_d1800225